000 00652nam a2200241Ia 4500
003 OSt
005 20220927105602.0
006 a|||||r|||| 00| 0
007 ta
008 220926b |||||||| |||| 00| 0 eng d
024 _a190477
037 _cReference Collections
040 _aRTL
_cRTL
_beng
041 _2eng
_aeng
082 _a"L:5.1r, UN"
110 _aWORLD HEALTH ORGANIZATION
_9373575
245 0 _aWorld Health Report
260 _aGeneva
_bThe Author
490 _v01455587: 1999 (122p)
700 _aWORLD HEALTH ORGANIZATION
_9373576
942 _h"L:5.1r, UN"
_cCC
999 _c693307
_d693307